Cranial Elements - Statistics

General Stats
  • This quiz has been taken 3 times
  • The average score is 14 of 16
Answer Stats
Picture Answer % Correct
Ethmoid
100%
Frontal
100%
Hyoid
100%
Lacrimal
100%
Mandible
100%
Maxilla
100%
Occipital
100%
Parietal
100%
Sphenoid
100%
Temporal
100%
Vomer
100%
Zygomatic
100%
Palatine
67%
Auditory Ossicles
33%
Inferior Nasal Conchae
33%
Nasals
33%
No matching quizzes found
Score Distribution
Percent of People with Each Score
Percentile by Number Answered
Your Score History
You have not taken this quiz